000 00653nam a2200277Ia 4500
005 20260324150540.0
008 008 260324s9999 xx 000 0 eng d
020 _a9781315268361
037 _aEBOOK
040 _aCRL
040 _beng
040 _cCRL
041 _2eng
041 _aeng
084 _qCRL
100 _aJoan Doulton; David Hay
_91226802
245 0 _aManagerial and Professional Staff Grading
260 _bTaylor and Francis
260 _c1962
365 _a
365 _b170
856 _uhttp://www.taylorfrancis.com/books/9781315268361
942 _cEBOOK
999 _c1836439
_d1836439